[Event "2nd GMA World Cup prel  #2"]
[Site "Moscow URS"]
[Date "1989.??.??"]
[Round "8"]
[White "Yurtaev, Leonid"]
[Black "Arakhamia, Ketevan"]
[Result "1-0"]
[WhiteElo "2510"]
[BlackElo "2395"]
[EventDate "1989.05.??"]
[PlyCount "80"]

1.Nf3 d5 2.d4 Nf6 3.c4 c6 4.Nc3 e6 5.cxd5 cxd5 6.Bg5 Nc6 7.Rc1 Be7 8.e3 
O-O 9.Bd3 Ne8 10.Bf4 Nd6 11.O-O Bd7 12.Qe2 Rc8 13.Rfd1 f5 14.Na4 Ne4 15.
Nc5 Nxc5 16.dxc5 Nb4 17.Bd6 Bxd6 18.cxd6 Qb6 19.a3 Nxd3 20.Qxd3 Qxd6 21.
Qd4 b6 22.Ne5 Bb5 23.f4 a5 24.b4 axb4 25.axb4 Rc7 26.Rc3 Rfc8 27.Rdc1 h6 
28.h3 Kf8 29.Rxc7 Rxc7 30.Ra1 Qd8 31.Kh2 Qb8 32.g4 fxg4 33.hxg4 Rc2+ 34.
Kg3 Kg8 35.Ra3 Rc1 36.Qd2 Rc8 37.Qb2 Qc7 38.Qa1 Qe7 39.Ra7 Qf6 40.Rf7 Qxf7
1-0

[Event "2nd GMA World Cup prel  #2"]
[Site "Moscow URS"]
[Date "1989.??.??"]
[Round "8"]
[White "Geller, Efim"]
[Black "Szekely, Peter"]
[Result "1/2-1/2"]
[WhiteElo "2480"]
[BlackElo "2420"]
[EventDate "1989.05.??"]
[PlyCount "46"]

1.e4 c5 2.Nf3 d6 3.d4 cxd4 4.Nxd4 Nf6 5.Nc3 a6 6.Be2 e5 7.Nb3 Be7 8.O-O 
O-O 9.Re1 Qc7 10.Bf1 Nbd7 11.Bg5 h6 12.Bh4 b5 13.a4 b4 14.Na2 Rb8 15.Qd2 
a5 16.Bb5 Rd8 17.c3 Nc5 18.Nxc5 dxc5 19.Qe2 Bb7 20.Bxf6 Bxf6 21.Nc1 bxc3 
22.bxc3 c4 23.Bxc4 Rbc8 1/2-1/2

[Event "2nd GMA World Cup prel  #2"]
[Site "Moscow URS"]
[Date "1989.??.??"]
[Round "8"]
[White "Westerinen, Heikki"]
[Black "Panno, Oscar"]
[Result "0-1"]
[WhiteElo "2400"]
[BlackElo "2495"]
[EventDate "1989.05.??"]
[PlyCount "142"]

1.e4 c5 2.c3 Nf6 3.e5 Nd5 4.d4 e6 5.Nf3 cxd4 6.Qxd4 Nc6 7.Qe4 d6 8.Nbd2 
Qc7 9.exd6 Bxd6 10.Nc4 Be7 11.Bd3 f5 12.Qe2 Bf6 13.O-O O-O 14.Re1 Bd7 15.
Nce5 Rfe8 16.a3 Nxe5 17.Nxe5 Ba4 18.c4 Bxe5 19.Qxe5 Qxe5 20.Rxe5 Nf6 21.
Bg5 Nd7 22.Ree1 Nc5 23.Bf1 Bb3 24.Rac1 a5 25.Be3 Rac8 26.Bd4 Kf7 27.Re5 b6
28.Rce1 Nd7 29.R5e3 Bxc4 30.Bxc4 Rxc4 31.Rd3 Nc5 32.Bxc5 Rxc5 33.g3 Re7 
34.Rb3 Rc6 35.Re5 Rd7 36.Reb5 Rdd6 37.Kg2 Kf6 38.h4 h6 39.Kf3 Rc2 40.Rxb6 
Rdd2 41.R3b5 Rxf2+ 42.Ke3 g5 43.Rxa5 Rxb2 44.Rxb2 Rxb2 45.hxg5+ hxg5 46.
Ra8 Rb3+ 47.Kf2 g4 48.Ra5 Rb2+ 49.Kf1 Rc2 50.a4 Ke7 51.Rb5 Kd6 52.a5 Rc5 
53.Rb6+ Kd5 54.a6 Ra5 55.Ke2 e5 56.Kd3 f4 57.Rg6 Ra3+ 58.Kc2 Ke4 59.gxf4 
exf4 60.Rxg4 Rxa6 61.Kd2 Kf3 62.Rg8 Kf2 63.Kd3 Re6 64.Rf8 f3 65.Rf7 Kg2 
66.Rg7+ Kf1 67.Rg5 f2 68.Kd2 Rd6+ 69.Kc2 Ke2 70.Re5+ Kf3 71.Rf5+ Ke3 0-1

[Event "2nd GMA World Cup prel  #2"]
[Site "Moscow URS"]
[Date "1989.??.??"]
[Round "8"]
[White "Panchenko, Alexander"]
[Black "Soltis, Andrew"]
[Result "1-0"]
[WhiteElo "2465"]
[BlackElo "2425"]
[EventDate "1989.05.??"]
[PlyCount "131"]

1.d4 Nf6 2.c4 d6 3.Nf3 g6 4.g3 Bg7 5.Bg2 O-O 6.O-O c6 7.Nc3 Qa5 8.e4 e5 9.
d5 cxd5 10.cxd5 b5 11.Nd2 b4 12.Ncb1 Bg4 13.Qe1 Qb5 14.f3 Bc8 15.Rf2 Ba6 
16.Bf1 Qb7 17.Nc4 Bxc4 18.Bxc4 Rc8 19.Rc2 Nbd7 20.Be3 Nc5 21.Nd2 Nfd7 22.
Rac1 f5 23.Bf1 f4 24.Bf2 fxg3 25.hxg3 Bh6 26.Be3 Bxe3+ 27.Qxe3 Nb6 28.Bh3 
Rf8 29.Nb3 Nba4 30.Kg2 Rf6 31.Nxc5 Nxc5 32.Rxc5 dxc5 33.Be6+ Kh8 34.Qg5 
Raf8 35.Qxe5 Qa6 36.Rf1 h5 37.d6 Kh7 38.f4 Qd3 39.Qd5 Qxd5 40.exd5 Kg7 41.
Rc1 h4 42.d7 hxg3 43.Rxc5 Rd8 44.Kxg3 Rff8 45.Kg4 Kf6 46.Ra5 Rh8 47.Rxa7 
Rh2 48.b3 Rd2 49.Ra6 Ke7 50.Kg5 Rh8 51.Kxg6 Rf8 52.d8=Q+ Rxd8 53.Ra7+ Kd6 
54.Kf7 Rh8 55.Ra6+ Kc5 56.Rc6+ Kb5 57.f5 Rxa2 58.f6 Rh1 59.Ke7 Ra7+ 60.Kd6
Rf1 61.Rc5+ Kb6 62.Rc4 Rxf6 63.Rxb4+ Ka5 64.Ra4+ Kb6 65.Rxa7 Kxa7 66.Ke7 
1-0

[Event "2nd GMA World Cup prel  #2"]
[Site "Moscow URS"]
[Date "1989.??.??"]
[Round "8"]
[White "Spiridonov, Nikola"]
[Black "Malisauskas, Vidmantas"]
[Result "1/2-1/2"]
[WhiteElo "2390"]
[BlackElo "2500"]
[EventDate "1989.05.??"]
[PlyCount "83"]

1.c4 c5 2.g3 g6 3.Bg2 Bg7 4.Nc3 Nc6 5.a3 e5 6.Nf3 Nge7 7.O-O d6 8.Ne1 Be6 
9.Nd5 O-O 10.Nc2 Bxd5 11.cxd5 Nd4 12.b4 Nxc2 13.Qxc2 cxb4 14.axb4 Qb6 15.
d3 Rfc8 16.Qa2 Qb5 17.Bg5 Nf5 18.Bh3 h6 19.Bxf5 gxf5 20.Bd2 e4 21.Qa5 Qxa5
22.Rxa5 Bc3 23.Bxc3 Rxc3 24.dxe4 fxe4 25.Rfa1 a6 26.b5 Rc5 27.bxa6 bxa6 
28.f3 exf3 29.exf3 Kf8 30.Kf2 Ke7 31.Ke3 Kd7 32.R5a4 a5 33.Kd3 Kc7 34.Rc4 
Kd7 35.Rca4 h5 36.Rh4 Rac8 37.Rxh5 R8c7 38.Rh8 Rxd5+ 39.Ke4 Rd2 40.Ra8 
Rxh2 41.R8xa5 Rh3 42.Rg5 1/2-1/2

[Event "2nd GMA World Cup prel  #2"]
[Site "Moscow URS"]
[Date "1989.??.??"]
[Round "8"]
[White "Titov, German"]
[Black "Zapata, Alonso"]
[Result "1-0"]
[WhiteElo "2390"]
[BlackElo "2490"]
[EventDate "1989.05.??"]
[PlyCount "102"]

1.d4 Nf6 2.Nf3 d6 3.c4 Nbd7 4.Nc3 c6 5.e4 e5 6.Be2 g6 7.O-O Bg7 8.Qc2 O-O 
9.Rd1 Qe7 10.d5 c5 11.Bg5 h6 12.Bh4 g5 13.Bg3 Nh5 14.Nd2 Ndf6 15.Nf1 Nf4 
16.f3 g4 17.Ne3 gxf3 18.Bxf3 N6h5 19.Bxh5 Nxh5 20.Nf5 Bxf5 21.exf5 Qg5 22.
Qf2 Qg4 23.Qf3 Qxf3 24.gxf3 Bf6 25.Ne4 Be7 26.Be1 Rac8 27.Kh1 Kh7 28.Bf2 
b6 29.Rg1 Rg8 30.Rxg8 Rxg8 31.a3 Nf4 32.b4 Nd3 33.bxc5 dxc5 34.Bg3 Rd8 35.
Rb1 Bg5 36.Kg2 Be3 37.Rb3 Nf4+ 38.Bxf4 exf4 39.Kh3 Rb8 40.a4 a6 41.d6 Bd4 
42.Kg4 Kg7 43.d7 Rd8 44.Rxb6 Rxd7 45.a5 Be3 46.Rxa6 Rd4 47.Ra7 Rxc4 48.
Rxf7+ Kg8 49.Rc7 Ra4 50.Kh5 Ra2 51.Nf6+ Kf8 1-0

[Event "2nd GMA World Cup prel  #2"]
[Site "Moscow URS"]
[Date "1989.??.??"]
[Round "8"]
[White "Minasian, Artashes"]
[Black "Petursson, Margeir"]
[Result "1/2-1/2"]
[WhiteElo "2345"]
[BlackElo "2530"]
[EventDate "1989.05.??"]
[PlyCount "99"]

1.e4 c5 2.Nf3 Nc6 3.Bb5 d6 4.c3 Nf6 5.Qe2 Qb6 6.d4 a6 7.Ba4 Bd7 8.d5 Ne5 
9.Nxe5 Bxa4 10.Nc4 Qc7 11.O-O Bb5 12.a4 Bxc4 13.Qxc4 g6 14.b4 Nd7 15.Be3 
Bg7 16.bxc5 O-O 17.Nd2 Nxc5 18.Bxc5 Qxc5 19.Qxc5 dxc5 20.Ra3 b5 21.Rb1 
Rfb8 22.axb5 axb5 23.Rxb5 f5 24.exf5 Rxa3 25.Rxb8+ Kf7 26.fxg6+ hxg6 27.
Rb3 Ra2 28.Nb1 c4 29.Rb7 Ra1 30.Kf1 Bxc3 31.d6 Ba5 32.Ke2 Ra2+ 33.Kd1 c3 
34.Rxe7+ Kf6 35.Nxc3 Bxc3 36.Re3 Ba5 37.Rf3+ Ke6 38.Rg3 Kf5 39.Rf3+ Ke5 
40.Rg3 Rd2+ 41.Kc1 Rxf2 42.Rg5+ Rf5 43.Rxg6 Kd4 44.Kd1 Re5 45.d7 Kc5 46.
Rg8 Rd5+ 47.Ke2 Kc6 48.Rg7 Kd6 49.h4 Bd8 50.Rg3 1/2-1/2

[Event "2nd GMA World Cup prel  #2"]
[Site "Moscow URS"]
[Date "1989.??.??"]
[Round "8"]
[White "Galliamova, Alisa"]
[Black "Smagin, Sergei"]
[Result "0-1"]
[WhiteElo "2325"]
[BlackElo "2540"]
[EventDate "1989.05.??"]
[PlyCount "74"]

1.Nf3 e6 2.g3 d5 3.Bg2 c5 4.c4 dxc4 5.Na3 a6 6.Nxc4 b5 7.Ne3 Bb7 8.a4 Nd7 
9.O-O Ngf6 10.d4 Qb6 11.b3 Be7 12.Ba3 O-O 13.Qb1 Be4 14.Qa2 Rfc8 15.Rfd1 
Bf8 16.Ne5 Bxg2 17.Nxd7 Nxd7 18.Nxg2 bxa4 19.bxa4 cxd4 20.Rab1 Qa7 21.Bxf8
Nxf8 22.Rb4 e5 23.e3 Ne6 24.a5 Rab8 25.Rc4 Rc5 26.Rdc1 Rbb5 27.Qa4 Rxc4 
28.Qxc4 Rc5 29.Qf1 Rxc1 30.Qxc1 Qc5 31.Qb1 g6 32.exd4 exd4 33.Nf4 Nxf4 34.
Qb8+ Kg7 35.Qxf4 d3 36.h4 h5 37.Qb8 Qc3 0-1

[Event "2nd GMA World Cup prel  #2"]
[Site "Moscow URS"]
[Date "1989.??.??"]
[Round "8"]
[White "Spasov, Luben"]
[Black "Glek, Igor"]
[Result "1/2-1/2"]
[WhiteElo "2375"]
[BlackElo "2475"]
[EventDate "1989.05.??"]
[PlyCount "94"]

1.Nf3 d6 2.d4 f5 3.g3 Nf6 4.Bg2 g6 5.O-O Bg7 6.Nbd2 O-O 7.c3 Kh8 8.Re1 d5 
9.Ne5 c6 10.Ndf3 Ne4 11.Bf4 Be6 12.Ng5 Nxg5 13.Bxg5 Nd7 14.Nxd7 Qxd7 15.
Qd2 Bg8 16.Bh3 Qc7 17.Bf4 Qb6 18.Qe3 Rae8 19.Be5 Bxe5 20.Qxe5+ Rf6 21.b4 
h6 22.f3 Kh7 23.e4 dxe4 24.fxe4 Re6 25.Qf4 Rxe4 26.Rxe4 fxe4 27.Qe5 Qd8 
28.Qxe4 e5 29.Re1 Bd5 30.Qe3 e4 31.a3 b5 32.Bg2 Qe7 33.Rf1 a5 34.h4 a4 35.
Rf4 Qe6 36.g4 Qd6 37.g5 Rf8 38.Rxf8 Qxf8 39.Bh3 hxg5 40.hxg5 Qd6 41.Bg4 
Kg8 42.Qf2 Be6 43.Be2 Bf7 44.Qh2 Qe6 45.Qb8+ Kh7 46.Qh2+ Kg8 47.Qb8+ Kh7 
1/2-1/2

[Event "2nd GMA World Cup prel  #2"]
[Site "Moscow URS"]
[Date "1989.??.??"]
[Round "8"]
[White "Nikolic, Stanimir"]
[Black "Rogers, Ian"]
[Result "0-1"]
[WhiteElo "2320"]
[BlackElo "2505"]
[EventDate "1989.05.??"]
[PlyCount "100"]

1.d4 Nf6 2.c4 c5 3.d5 e6 4.Nc3 exd5 5.Nxd5 Nxd5 6.Qxd5 Nc6 7.Nf3 d6 8.e4 
Be6 9.Qd1 Be7 10.Bd3 O-O 11.O-O a6 12.Bf4 Bf6 13.Qd2 Qe7 14.Ng5 h6 15.Nxe6
fxe6 16.Bg3 Bd4 17.Kh1 e5 18.Be2 Qe6 19.f4 exf4 20.Rxf4 Ne5 21.Rc1 Rxf4 
22.Bxf4 Rf8 23.h3 Bxb2 24.Qxb2 Rxf4 25.Qxb7 Rf2 26.Bf1 Qf6 27.Kg1 Kh7 28.
Qb1 Rd2 29.Rc3 Qf2+ 30.Kh1 Qd4 31.Rc2 Qxe4 32.Rb2 Qxb1 33.Rxb1 Rxa2 34.Rd1
a5 35.Kg1 a4 36.Rxd6 a3 37.Ra6 g5 38.Ra5 Ra1 39.Rxc5 a2 40.Rxe5 Rxf1+ 41.
Kxf1 a1=Q+ 42.Re1 Qd4 43.Re2 h5 44.g3 Qd1+ 45.Kf2 Qh1 46.c5 Qxh3 47.Ke3 
Qxg3+ 48.Kd4 Qc7 49.Re6 h4 50.c6 h3 0-1

[Event "2nd GMA World Cup prel  #2"]
[Site "Moscow URS"]
[Date "1989.??.??"]
[Round "8"]
[White "Veroci-Petronic, Zsuzsa"]
[Black "Marjanovic, Slavoljub"]
[Result "1/2-1/2"]
[WhiteElo "2335"]
[BlackElo "2490"]
[EventDate "1989.05.??"]
[PlyCount "95"]

1.e4 c5 2.Nf3 e6 3.d4 cxd4 4.Nxd4 Nc6 5.Nc3 Qc7 6.g3 a6 7.Bg2 d6 8.O-O Be7
9.Re1 Bd7 10.Nxc6 Bxc6 11.a4 Nf6 12.a5 O-O 13.Be3 Nd7 14.Na4 Rae8 15.Nb6 
f5 16.Nxd7 Qxd7 17.Qd3 Bd8 18.c3 fxe4 19.Bxe4 Bxe4 20.Qxe4 Rf5 21.b4 Bf6 
22.Rac1 d5 23.Qd3 Qb5 24.Qxb5 axb5 25.g4 Re5 26.Bd2 Rxe1+ 27.Rxe1 g6 28.
Kf1 h5 29.h3 Kf7 30.Ke2 Rc8 31.Kd3 Rc4 32.f3 Ke7 33.Rd1 Kf8 34.Re1 Kf7 35.
Rd1 Rc8 36.Ra1 Rc6 37.Ra3 e5 38.Ra1 e4+ 39.fxe4 dxe4+ 40.Kxe4 Bxc3 41.Bxc3
Rxc3 42.gxh5 gxh5 43.Kf5 Rxh3 44.Rc1 Rf3+ 45.Kg5 Rb3 46.Rc7+ Ke6 47.Rxb7 
Rxb4 48.a6 1/2-1/2

[Event "2nd GMA World Cup prel  #2"]
[Site "Moscow URS"]
[Date "1989.??.??"]
[Round "8"]
[White "Zaitsev, Igor"]
[Black "Vreeken, Corry"]
[Result "1-0"]
[WhiteElo "2390"]
[BlackElo "2165"]
[EventDate "1989.05.??"]
[PlyCount "53"]

1.e4 e5 2.Nf3 Nc6 3.Bb5 a6 4.Ba4 Nf6 5.O-O b5 6.Bb3 Bb7 7.c3 Nxe4 8.d4 Na5
9.Nxe5 Nxb3 10.Qxb3 Nd6 11.c4 bxc4 12.Nxc4 Rb8 13.Re1+ Be7 14.Nxd6+ cxd6 
15.Bg5 f6 16.Bf4 Bc6 17.Qc4 Kf8 18.d5 Ba8 19.Nc3 Rxb2 20.Re3 Kf7 21.Rae1 
Bf8 22.Re8 Qb6 23.Be3 Qb7 24.Qe4 f5 25.Qxf5+ Kxe8 26.Bg5+ Be7 27.Rxe7+ 1-0

[Event "2nd GMA World Cup prel  #2"]
[Site "Moscow URS"]
[Date "1989.??.??"]
[Round "8"]
[White "Prins, Lodewijk"]
[Black "Heemskerk, Fenny"]
[Result "1/2-1/2"]
[WhiteElo "2265"]
[BlackElo "2025"]
[EventDate "1989.05.??"]
[PlyCount "73"]

1.e4 d6 2.d4 g6 3.Bc4 Bg7 4.Nf3 Nf6 5.Qe2 O-O 6.O-O Bg4 7.h3 Bxf3 8.Qxf3 
c6 9.Nc3 Nbd7 10.Be3 e5 11.Bb3 exd4 12.Bxd4 Qc7 13.Rad1 a6 14.Qd3 Ne8 15.
Bxg7 Kxg7 16.a3 Kg8 17.Qg3 Nc5 18.Ba2 a5 19.Kh2 b5 20.f3 b4 21.Ne2 Rb8 22.
Nd4 Kh8 23.Bc4 Na4 24.Rb1 Nb6 25.Be2 c5 26.Nb5 Qe7 27.axb4 axb4 28.Rfd1 
Rd8 29.c4 f5 30.Bd3 fxe4 31.fxe4 Qe5 32.Qxe5+ dxe5 33.Be2 Nf6 34.Nd6 Rd7 
35.Ra1 Ra8 36.Rxa8+ Nxa8 37.Ra1 1/2-1/2

[Event "2nd GMA World Cup prel  #2"]
[Site "Moscow URS"]
[Date "1989.??.??"]
[Round "9"]
[White "Vladimirov, Evgeny"]
[Black "Dolmatov, Sergei"]
[Result "1/2-1/2"]
[WhiteElo "2550"]
[BlackElo "2580"]
[EventDate "1989.05.??"]
[PlyCount "24"]

1.Nf3 f5 2.g3 Nf6 3.Bg2 g6 4.b3 Bg7 5.Bb2 d6 6.d4 O-O 7.O-O c6 8.c4 Ne4 9.
Nbd2 d5 10.cxd5 cxd5 11.Ne5 Nd7 12.Nxd7 Bxd7 1/2-1/2

[Event "2nd GMA World Cup prel  #2"]
[Site "Moscow URS"]
[Date "1989.??.??"]
[Round "9"]
[White "Vyzhmanavin, Alexei"]
[Black "Chernin, Alexander"]
[Result "1/2-1/2"]
[WhiteElo "2550"]
[BlackElo "2580"]
[EventDate "1989.05.??"]
[PlyCount "22"]

1.d4 d5 2.c4 c6 3.Nf3 Nf6 4.cxd5 cxd5 5.Nc3 Nc6 6.Bf4 e6 7.e3 Bd6 8.Bxd6 
Qxd6 9.Be2 O-O 10.O-O b6 11.Rc1 Bb7 1/2-1/2

[Event "2nd GMA World Cup prel  #2"]
[Site "Moscow URS"]
[Date "1989.??.??"]
[Round "9"]
[White "Tukmakov, Vladimir"]
[Black "Goldin, Alexander"]
[Result "1/2-1/2"]
[WhiteElo "2590"]
[BlackElo "2535"]
[EventDate "1989.05.??"]
[PlyCount "32"]

1.d4 Nf6 2.c4 e6 3.g3 Bb4+ 4.Bd2 Be7 5.Bg2 d5 6.Nf3 O-O 7.O-O c6 8.Qb3 
Nbd7 9.Bg5 b6 10.Rd1 Bb7 11.Nc3 a5 12.cxd5 cxd5 13.Rac1 Ne4 14.Bf4 Nxc3 
15.Rxc3 Ba6 16.Qc2 Rc8 1/2-1/2

[Event "2nd GMA World Cup prel  #2"]
[Site "Moscow URS"]
[Date "1989.??.??"]
[Round "9"]
[White "Kharitonov, Andrei"]
[Black "Psakhis, Lev"]
[Result "1/2-1/2"]
[WhiteElo "2520"]
[BlackElo "2585"]
[EventDate "1989.05.??"]
[PlyCount "54"]

1.e4 c5 2.Nc3 Nc6 3.g3 g6 4.Bg2 Bg7 5.d3 d6 6.Nge2 e5 7.O-O Nge7 8.Be3 h5 
9.h3 Be6 10.Nd5 Qd7 11.h4 Bxd5 12.exd5 Nd4 13.c3 Ndf5 14.Bg5 O-O 15.a4 Qc7
16.a5 b5 17.axb6 axb6 18.Qb3 b5 19.Rxa8 Rxa8 20.Qxb5 Rb8 21.Qa4 Rxb2 22.
Qe8+ Bf8 23.Ra1 Qc8 24.Qxc8 Nxc8 25.Kf1 Nb6 26.c4 Be7 27.Be4 Bxg5 1/2-1/2

[Event "2nd GMA World Cup prel  #2"]
[Site "Moscow URS"]
[Date "1989.??.??"]
[Round "9"]
[White "De Firmian, Nick"]
[Black "Gavrikov, Viktor"]
[Result "1/2-1/2"]
[WhiteElo "2570"]
[BlackElo "2535"]
[EventDate "1989.05.??"]
[PlyCount "25"]

1.e4 c5 2.Nf3 d6 3.d4 cxd4 4.Nxd4 Nf6 5.Nc3 a6 6.f4 e5 7.Nf3 Nbd7 8.a4 Be7
9.Bd3 O-O 10.O-O exf4 11.Kh1 Nc5 12.Bxf4 Bd7 13.Qd2 1/2-1/2

[Event "2nd GMA World Cup prel  #2"]
[Site "Moscow URS"]
[Date "1989.??.??"]
[Round "9"]
[White "Timoshenko, Georgy"]
[Black "Dorfman, Iosif"]
[Result "1-0"]
[WhiteElo "2530"]
[BlackElo "2565"]
[EventDate "1989.05.??"]
[PlyCount "91"]

1.e4 g6 2.d4 Bg7 3.Nc3 d6 4.g3 Nf6 5.Nge2 e5 6.Bg2 O-O 7.h3 exd4 8.Nxd4 
Re8 9.O-O Nbd7 10.Re1 a5 11.Ndb5 Nc5 12.e5 dxe5 13.Qxd8 Rxd8 14.Nxc7 Rb8 
15.Rxe5 b6 16.Re2 Ne6 17.N7b5 Ba6 18.Rd2 Nd7 19.Bf1 Bb7 20.Rd1 Ne5 21.f4 
Nf3+ 22.Kf2 Rxd1 23.Nxd1 Rd8 24.Ndc3 Nc5 25.Be3 Nd2 26.Bxc5 bxc5 27.Bd3 h5
28.Re1 c4 29.Rd1 cxd3 30.Rxd2 Bc8 31.h4 Bf5 32.a4 Kf8 33.cxd3 Rxd3 34.Rxd3
Bxd3 35.Ke3 Bf1 36.Nd4 Bg2 37.Nb3 Ke7 38.Nxa5 Kd6 39.Nc4+ Kc5 40.Ne5 f6 
41.Nxg6 Bh3 42.Ne7 f5 43.Kd3 Bf1+ 44.Kd2 Bh3 45.Ned5 Bd4 46.Ne3 1-0

[Event "2nd GMA World Cup prel  #2"]
[Site "Moscow URS"]
[Date "1989.??.??"]
[Round "9"]
[White "Petursson, Margeir"]
[Black "Romanishin, Oleg"]
[Result "1/2-1/2"]
[WhiteElo "2530"]
[BlackElo "2555"]
[EventDate "1989.05.??"]
[PlyCount "54"]

1.d4 Nf6 2.c4 e6 3.Nc3 Bb4 4.Qc2 c5 5.dxc5 Bxc5 6.Nf3 Nc6 7.Bg5 Qa5 8.e3 
Bb4 9.Bxf6 gxf6 10.Be2 b6 11.O-O Bxc3 12.bxc3 Bb7 13.Rab1 Qh5 14.Nd4 Qg6 
15.Qxg6 fxg6 16.c5 Nxd4 17.cxd4 Be4 18.Bf3 Bxb1 19.Bxa8 Bd3 20.Rd1 Be2 21.
Rd2 Bc4 22.cxb6 axb6 23.Bf3 Ke7 24.Rb2 b5 25.Rb4 d5 26.a4 Ra8 27.Bd1 bxa4 
1/2-1/2

[Event "2nd GMA World Cup prel  #2"]
[Site "Moscow URS"]
[Date "1989.??.??"]
[Round "9"]
[White "Smejkal, Jan"]
[Black "Dlugy, Maxim"]
[Result "1/2-1/2"]
[WhiteElo "2515"]
[BlackElo "2570"]
[EventDate "1989.05.??"]
[PlyCount "37"]

1.c4 c5 2.Nf3 Nf6 3.Nc3 e6 4.g3 d5 5.cxd5 Nxd5 6.Bg2 Nc6 7.O-O Be7 8.d4 
O-O 9.e4 Nb6 10.dxc5 Qxd1 11.Rxd1 Bxc5 12.e5 Bb4 13.Bf1 Bxc3 14.bxc3 Bd7 
15.Rb1 Nb8 16.Nd4 Nc6 17.Nf3 Nb8 18.Nd4 Nc6 19.Nf3 1/2-1/2

[Event "2nd GMA World Cup prel  #2"]
[Site "Moscow URS"]
[Date "1989.??.??"]
[Round "9"]
[White "Yurtaev, Leonid"]
[Black "Murey, Jacob"]
[Result "1-0"]
[WhiteElo "2510"]
[BlackElo "2560"]
[EventDate "1989.05.??"]
[PlyCount "81"]

1.d4 d5 2.c4 c6 3.Nf3 Nf6 4.Nc3 dxc4 5.a4 a5 6.e4 Bg4 7.Bxc4 e6 8.Be3 Bb4 
9.Qc2 Bxf3 10.gxf3 Nbd7 11.Rg1 g6 12.f4 Qc7 13.O-O-O O-O-O 14.Kb1 Bxc3 15.
bxc3 Nh5 16.Ka2 Nxf4 17.Rb1 h6 18.Rb2 g5 19.Rgb1 b6 20.d5 c5 21.Ba6+ Kb8 
22.Bb5 Kc8 23.Bxd7+ Kxd7 24.Rxb6 Rb8 25.Rc6 Qe5 26.Rxc5 Rhc8 27.Bd4 Qd6 
28.e5 Qa6 29.Qh7 Qe2+ 30.Ka3 Qh5 31.Rxc8 Rxc8 32.Rb7+ Rc7 33.Rxc7+ Kxc7 
34.d6+ Kd7 35.Qe4 Nd5 36.c4 Qh3+ 37.f3 g4 38.cxd5 gxf3 39.Qd3 Ke8 40.dxe6 
fxe6 41.Bc5 1-0

[Event "2nd GMA World Cup prel  #2"]
[Site "Moscow URS"]
[Date "1989.??.??"]
[Round "9"]
[White "Dokhoian, Yury"]
[Black "Smirin, Ilia"]
[Result "1/2-1/2"]
[WhiteElo "2575"]
[BlackElo "2490"]
[EventDate "1989.05.??"]
[PlyCount "31"]

1.d4 Nf6 2.c4 g6 3.Nc3 Bg7 4.e4 d6 5.Nf3 O-O 6.Be2 e5 7.dxe5 dxe5 8.Qxd8 
Rxd8 9.Bg5 Re8 10.Nd5 Nxd5 11.cxd5 c6 12.Bc4 cxd5 13.Bxd5 Nc6 14.Bxc6 bxc6
15.Rc1 Be6 16.b3 1/2-1/2

[Event "2nd GMA World Cup prel  #2"]
[Site "Moscow URS"]
[Date "1989.??.??"]
[Round "9"]
[White "Hansen, Curt"]
[Black "Rashkovsky, Nukhim"]
[Result "1/2-1/2"]
[WhiteElo "2545"]
[BlackElo "2520"]
[EventDate "1989.05.??"]
[PlyCount "34"]

1.c4 Nf6 2.Nc3 g6 3.Nf3 Bg7 4.g3 O-O 5.Bg2 d6 6.d4 c5 7.O-O Nc6 8.d5 Na5 
9.Nd2 e5 10.e4 a6 11.a3 b6 12.b4 Nb7 13.Rb1 Ne8 14.a4 cxb4 15.Rxb4 a5 16.
Rb1 Nc5 17.Nb3 Bd7 1/2-1/2

[Event "2nd GMA World Cup prel  #2"]
[Site "Moscow URS"]
[Date "1989.??.??"]
[Round "9"]
[White "Ubilava, Elizbar"]
[Black "Razuvaev, Yury"]
[Result "1/2-1/2"]
[WhiteElo "2515"]
[BlackElo "2550"]
[EventDate "1989.05.??"]
[PlyCount "82"]

1.c4 e5 2.d3 Nf6 3.Nf3 Nc6 4.Nc3 d5 5.cxd5 Nxd5 6.e3 Be7 7.Be2 O-O 8.O-O 
Be6 9.a3 a5 10.Na4 f5 11.Qc2 Kh8 12.b3 Bd6 13.Bb2 Qe7 14.d4 exd4 15.exd4 
Nf4 16.Bc4 Qf7 17.Bc1 Bd5 18.Bxf4 Bxf4 19.Nc5 b6 20.Nd3 Bd6 21.Nde5 Nxe5 
22.dxe5 Bxc4 23.bxc4 Bc5 24.a4 h6 25.Rfe1 Qe6 26.h4 g5 27.Rad1 gxh4 28.
Nxh4 Rf7 29.Rd3 Rg8 30.Rf3 Rg4 31.Nxf5 Qg6 32.e6 Rxg2+ 33.Kh1 Bxf2 34.Rxf2
Rxf2 35.Qxf2 Rxf5 36.Qd4+ Kh7 37.Qd7+ Kh8 38.Qd8+ Kh7 39.Qxc7+ Kh8 40.Qc8+
Kh7 41.Qc7+ Kh8 1/2-1/2

[Event "2nd GMA World Cup prel  #2"]
[Site "Moscow URS"]
[Date "1989.??.??"]
[Round "9"]
[White "Akopian, Vladimir"]
[Black "Khalifman, Alexander"]
[Result "1/2-1/2"]
[WhiteElo "2520"]
[BlackElo "2545"]
[EventDate "1989.05.??"]
[PlyCount "27"]

1.e4 c5 2.Nf3 d6 3.d4 cxd4 4.Nxd4 Nf6 5.Nc3 Nc6 6.Be2 e5 7.Nf3 h6 8.O-O 
Be7 9.Re1 O-O 10.h3 Be6 11.Bf1 Qa5 12.Bd2 Qd8 13.Bc1 Qa5 14.Bd2 1/2-1/2

[Event "2nd GMA World Cup prel  #2"]
[Site "Moscow URS"]
[Date "1989.??.??"]
[Round "9"]
[White "Kuzmin, Gennady"]
[Black "Lobron, Eric"]
[Result "1/2-1/2"]
[WhiteElo "2505"]
[BlackElo "2555"]
[EventDate "1989.05.??"]
[PlyCount "113"]

1.d4 e6 2.c4 d5 3.Nf3 Nf6 4.Nc3 Nbd7 5.e3 Be7 6.Bd3 c5 7.O-O O-O 8.Re1 b6 
9.cxd5 exd5 10.e4 dxe4 11.Nxe4 Bb7 12.Ng3 Re8 13.Bc4 Bd5 14.Bxd5 Nxd5 15.
Qb3 N7f6 16.Ne5 Bf8 17.Bg5 Re6 18.Bxf6 Nxf6 19.dxc5 Qe8 20.Nd3 bxc5 21.
Rxe6 Qxe6 22.Qxe6 fxe6 23.Kf1 Rd8 24.Ke2 Rd5 25.Rc1 Bd6 26.Rc4 Rd4 27.Rxd4
cxd4 28.Kf3 Kf7 29.Ne4 Ke7 30.h3 Nd7 31.Ke2 e5 32.h4 Ke6 33.f3 Kd5 34.Ndf2
Be7 35.h5 Nf8 36.b3 Ne6 37.Nd3 a5 38.Kd2 Bb4+ 39.Kc2 Be7 40.Nd2 Bd6 41.Ne4
Bc7 42.Kd1 Bd8 43.a4 Be7 44.Kc2 Nd8 45.Nb2 Nc6 46.Nc4 Ke6 47.Kd3 Nb4+ 48.
Ke2 Nc6 49.Kf2 Bh4+ 50.g3 Be7 51.Kg2 g6 52.hxg6 hxg6 53.Kf2 Kd5 54.Ke2 Ke6
55.Nf2 Bd8 56.Ne4 Be7 57.Nf2 1/2-1/2

[Event "2nd GMA World Cup prel  #2"]
[Site "Moscow URS"]
[Date "1989.??.??"]
[Round "9"]
[White "Karpman, Vadim"]
[Black "Eingorn, Viacheslav"]
[Result "1/2-1/2"]
[WhiteElo "2480"]
[BlackElo "2570"]
[EventDate "1989.05.??"]
[PlyCount "52"]

1.d4 e6 2.c4 Bb4+ 3.Bd2 a5 4.Nf3 d6 5.g3 Nc6 6.Bc3 Nf6 7.a3 Bxc3+ 8.Nxc3 
O-O 9.Bg2 e5 10.d5 Nb8 11.e4 Na6 12.b4 Bg4 13.Rb1 axb4 14.axb4 c5 15.dxc6 
bxc6 16.O-O c5 17.b5 Nb4 18.Ra1 Qc7 19.Qb3 Nd7 20.Nd2 Nb6 21.Na4 Nd7 22.
Ra3 Ra7 23.Rfa1 Rfa8 24.Nc3 Nb6 25.Na4 Nd7 26.Nc3 Nb6 1/2-1/2

[Event "2nd GMA World Cup prel  #2"]
[Site "Moscow URS"]
[Date "1989.??.??"]
[Round "9"]
[White "Campora, Daniel Hugo"]
[Black "Yudasin, Leonid"]
[Result "0-1"]
[WhiteElo "2500"]
[BlackElo "2540"]
[EventDate "1989.05.??"]
[PlyCount "84"]

1.e4 c5 2.Nf3 d6 3.d4 cxd4 4.Nxd4 Nf6 5.Nc3 a6 6.Be3 e6 7.Qd2 b5 8.f3 Bb7 
9.O-O-O Nbd7 10.g4 Nb6 11.Qf2 Nfd7 12.Bd3 Rc8 13.h4 Rxc3 14.bxc3 Qc7 15.
Ne2 d5 16.e5 Na4 17.f4 b4 18.cxb4 Bxb4 19.Bd4 O-O 20.c3 Ndc5 21.Bc2 Ne4 
22.Bxe4 dxe4 23.Rh3 Qc4 24.Kd2 Ba5 25.Ra1 Rd8 26.Ke1 Bc6 27.Kf1 Bb5 28.Rb1
Bxc3 29.Rxb5 axb5 30.Bxc3 Rd3 31.Rxd3 exd3 32.Bd2 dxe2+ 33.Qxe2 Qd5 34.Qg2
Qd3+ 35.Ke1 h6 36.g5 h5 37.Qb7 Qb1+ 38.Ke2 Qxa2 39.Qa8+ Kh7 40.Qe4+ g6 41.
Qb4 Qc2 42.Qf8 Nc3+ 0-1

[Event "2nd GMA World Cup prel  #2"]
[Site "Moscow URS"]
[Date "1989.??.??"]
[Round "9"]
[White "Lein, Anatoly"]
[Black "Gutman, Lev"]
[Result "1-0"]
[WhiteElo "2485"]
[BlackElo "2535"]
[EventDate "1989.05.??"]
[PlyCount "133"]

1.b3 b6 2.Bb2 Bb7 3.e3 e6 4.Nf3 Nf6 5.Be2 Be7 6.O-O O-O 7.d4 d5 8.Nbd2 
Nbd7 9.c4 c5 10.Rc1 Rc8 11.cxd5 Nxd5 12.Nc4 N7f6 13.Bd3 b5 14.Nce5 Qb6 15.
Qe2 a6 16.Bb1 cxd4 17.Bxd4 Qa5 18.Rxc8 Rxc8 19.Ng5 Nc3 20.Qd3 Nfe4 21.Nxe4
Bxe4 22.Qd2 Bxb1 23.Bxc3 Qxc3 24.Qxc3 Rxc3 25.Rxb1 Ba3 26.Kf1 f6 27.Nf3 
Kf7 28.Rd1 Ke7 29.g4 e5 30.h4 Rc2 31.Rd2 Rc1+ 32.Kg2 Bb4 33.Re2 Ke6 34.h5 
g5 35.hxg6 hxg6 36.Nh4 g5 37.Nf5 Bc3 38.Kf3 Kd5 39.Ng3 b4 40.Ne4 Ke6 41.
Kg2 f5 42.gxf5+ Kxf5 43.Ng3+ Kg4 44.Ne4 a5 45.Ng3 Kh4 46.Nf5+ Kh5 47.Ng3+ 
Kg4 48.Ne4 Kf5 49.Ng3+ Ke6 50.Kf3 Rg1 51.Kg4 Kf6 52.Kf3 Ke6 53.Kg4 Kd5 54.
Kf5 a4 55.bxa4 Kc4 56.a5 Kb5 57.Ne4 Ba1 58.Nxg5 Kxa5 59.Nf3 Rg8 60.Nxe5 
Ka4 61.f4 Rc8 62.e4 Ka3 63.Ke6 Bb2 64.Nd3 Bc3 65.f5 Rd8 66.Ne1 Rf8 67.Nc2+
1-0